000 00977nam a2200313 i 4500
001 000039481
003 DO-SdBNP
005 20250205120200.0
007 ta
008 091120s2005 dr 000 f spa d
020 _z9993403946
040 _aDO-SdBNP
_bspa
_cBNPHU
_erda
041 _hspa
082 4 _aRD863.44
_bS787p, 2005
_222
100 1 _aStanley, Avelino,
_d1959-
_eautor
_91536
245 1 0 _aPor qué no he de llorar :
_bnovela /
_cAvelino Stanley.
250 _acuarta edición
264 _aSanto Domingo :
_bCocolo,
_c2005.
300 _a150 páginas ;
_c22 cm.
336 _ardacontent
_btexto
_2txt
337 _ardamedia
_bsin mediación
_2n
338 _ardacarrier
_bvolumen
_2nc
500 _aIncluye datos biográficos del autor en la solapa de la contracubierta
590 _aInventariado, 2020 / DG
650 0 _aNovela dominicana
_9223
650 0 _aLiteratura dominicana.
_967
910 _aValidado. Control de calidad MFF
942 _2ddc
_cLBS1
999 _c38971
_d38971